Rozvoj výskumu inteligentných dodávateľských reťazcov v podmienkach digitálneho jednotného trhu
Špecifiká a stratégia digitálneho jednotného trhu. Smerovanie výskumu a inovácií pre potreby rozvoja inteligentných dodávateľských reťazcov v rámci digitálneho jednotného trhu.
Guardado en:
| Autor principal: | |
|---|---|
| Otros Autores: | |
| Formato: | Capítulo de libro |
| Lenguaje: | eslovaco |
| Materias: | |
| Etiquetas: |
Sin Etiquetas, Sea el primero en etiquetar este registro!
|
MARC
| LEADER | 00000naa a2200000 4500 | ||
|---|---|---|---|
| 001 | 0238483 | ||
| 005 | 20240502073847.5 | ||
| 041 | 0 | |a slo | |
| 044 | |a SK | ||
| 245 | 1 | 0 | |a Rozvoj výskumu inteligentných dodávateľských reťazcov v podmienkach digitálneho jednotného trhu |c Radoslav Delina, Alena Delinová |
| 520 | |a Špecifiká a stratégia digitálneho jednotného trhu. Smerovanie výskumu a inovácií pre potreby rozvoja inteligentných dodávateľských reťazcov v rámci digitálneho jednotného trhu. | ||
| 610 | 2 | 0 | |a reťazce dodávateľsko-odberateľské |
| 610 | 2 | 0 | |a stratégia inovačná |
| 610 | 2 | 0 | |a trh elektronický |
| 610 | 2 | 0 | |a trh jednotný |
| 610 | 2 | 0 | |a služby digitálne |
| 610 | 2 | 0 | |a Európska únia |
| 100 | 1 | |a Delina, Radoslav | |
| 700 | 1 | |a Delinová, Alena, 1973- | |